000 00513nam a22001697a 4500
005 20250610155812.0
008 250610b |||||||| |||| 00| 0 eng d
020 _a9780070617292
050 _aHD 69.P75 CHA
100 _aCHANDRA,PRASANNA
245 _aPROJECTS
_bPLANNING,ANALYSIS,SELECTION,FINANACING,IMPLIMENTATION AND REVIEW
250 _a6TH ED.
260 _aNEW DELHI
_bTATA McGRAW HILL PUB.COMP. LTD.
_c2006
300 _aXXI,430p.,TABLES,GRAPHS,ILLUS.
500 _aAPPENDIX,INDEX
942 _2lcc
_cBK
_n0
999 _c6395
_d6395